000 00312nam a22001337a 4500
003 SGT
082 _a617.692
_bT14D
100 _aDUREJA, ISHITA
245 _aTITANIUM IN PROSTHODONTICS
260 _aDELHI NCR
_bSGT UNIVERSITY GURUGRAM
_c2014
300 _a1-71
650 _aPROSTHODONTICS
942 _2ddc
_cTH
999 _c18932
_d18932